Miasta Grenlandii - Statystyki

Ogólne statystyki
  • Ten quiz został rozwiązany 88 razy
  • Średni wynik to 3 z 15
Statystyki odpowiedzi
liczba mieszkańców miasto % Poprawnych
16 400 Nuuk
100%
5 600 Sisimiut
48%
3 100 Aasiaat
26%
4 500 Ilulissat
23%
1 500 Narsaq
23%
650 Qaanaaq
23%
2 700 Maniitsoq
16%
2 000 Tasiilaq
16%
1 300 Nanortalik
13%
1 500 Paamiut
13%
3 200 Qaqortoq
13%
1 200 Upernavik
10%
1 300 Uummannaq
6%
1 200 Qasigiannguit
3%
850 Qeqertarsuaq
3%
Nie znaleziono quizów pasujących do podanych kryteriów
Rozkład punktacji
Procent ludzi z każdym wynikiem
Percentyl według liczby udzielonych odpowiedzi
Twoja historia wyników
Nie rozwiązałeś tego quizu